00771nam a2200217 i 4500001000700000003000900007005001700016007000300033008004100036080002000077100002000097245009200117250001200209260006900221300003000290650003900320700003100359852002200390999001900412952012200431128520ES-MaACL20230906193315.0t|070516s1973 sp a |||| | spa d a821.134.2-7"19"1 aTachin.910905113aEl humor en el Madrid rojo / cTachin [seud.] ; con ilustraciones de Eduardo Jiménez. a5ª ed. aMadrid : bPrensa Española, c1973 (fTall. Prensa Española) a180 p. : bil. ; c19 cm.14aHumorismo español-yS.XX.9135121 aJiménez, Eduardo.966402 aES-MaACLjC-53376 c128520d128520 00104070aATENEOMbATENEOMcDEPO2d2008-01-17eSCl0oC-53376p1133849r2023-02-23 00:00:00w2023-02-23yMONOGRAFIA